| 000 | 00521nam a22001817a 4500 | ||
|---|---|---|---|
| 003 | OSt | ||
| 005 | 20150721171208.0 | ||
| 008 | 150429s2015 spc|||| |||||||| 1|spa d | ||
| 017 |
_aDL B 8376-2015 _bBiblioteca de Catalunya |
||
| 020 | _a9788494242625 | ||
| 040 | _cCDMR | ||
| 100 | 1 |
_aLópez, Alfonso _92151 |
|
| 245 | 1 | 0 |
_aMalvados e imbéciles _cAlfonso López |
| 260 |
_aBarcelona _bAmaníaco _ccop. 2015 |
||
| 300 |
_a157 p. : _btot il. col. ; _c15 x 21 cm |
||
| 650 | 0 | 7 |
_aHumorisme gràfic _2lemac _93084 |
| 942 | _cMON | ||
| 999 |
_c6878 _d6878 |
||